000 00970nam a22002537a 4500
005 20240530110434.0
008 150406s2010 xxu g b 000 0 eng d
017 _a2009/6/2974
_bالمملكة الاردنية الهاشمية . المكتبة الوطنية
040 _aEG-CaGPL
082 0 4 _221
_a372.62\
_bس ع
100 0 _aسمير استيتية
245 1 0 _aعلم اللغة التعلمى /
_cتاليف سمير استيتية
260 _aالاردن :
_bدار الامل للنشر و التوزيع ،
_c2010.
300 _a231 ص ؛
_c24 سم.
504 _aيشتمل على ارجاعات ببليوجرافية
650 0 4 _aاللغة
_xطرق تدريس
650 0 4 _aالوسائل التعليمية
650 0 4 _aاللغة
_xالكلمات
650 0 4 _aاللغة
_xاللهجات
650 0 4 _aاللغة
_xالنحو
650 0 4 _aاللغة
_xالنطق
942 _2ddc
_cBK
999 _c60914
_d60914